000 00384nam a2200157Ia 4500
008 230917s9999||||xx |||||||||||||| ||und||
040 _e16682
_aMAIN
041 _aEnglish
082 _a519.2 C472C
100 _aChung, Kai-lai
245 0 _aCourse in probability theory
250 _a2nd ed.
260 _aNew York
_bAcademic Press
_c1974
300 _axii, 365 p.
942 _cBK
999 _c206490
_d206490